[Event "CRO-chT3 South"]
[Site "Dubrovnik"]
[Date "2013.05.11"]
[Round "3.5"]
[White "Jerkovic, Ante"]
[Black "Jokic, Bozo"]
[Result "0-1"]
[WhiteElo "1930"]
[BlackElo "2044"]
[PlyCount "94"]
[EventDate "2013.04.27"]
[EventType "team-tourn"]
[EventRounds "7"]
[EventCountry "CRO"]
[SourceTitle "EXT 2014"]
[Source "ChessBase"]
[SourceDate "2013.11.20"]
[SourceVersion "1"]
[SourceVersionDate "2013.11.20"]
[SourceQuality "1"]
[WhiteTeam "Novigrad"]
[BlackTeam "Stobrec"]
[WhiteTeamCountry "CRO"]
[BlackTeamCountry "CRO"]

1. c4 Nf6 2. Nc3 e6 3. d4 d5 4. Nf3 c6 5. Bg5 Be7 6. e3 Nbd7 7. Bd3 h6 8. Bh4 Qc7 9. 0-0 Bd6 10. e4 dxe4 11. Nxe4 Nxe4 12. Bxe4 g5 13. Bg3 f5 14. Bd3 f4 15. Ne5 Nxe5 16. dxe5 Bxe5 17. Qh5+ Kd8 18. Rad1 Bd7 19. b4 Kc8 20. c5 b5 21. Be4 a5 22. Qf3 axb4 23. Rxd7 Kxd7 24. Rd1+ Ke7 25. Qb3 Rad8 26. Re1 Rd4 27. Bf3 fxg3 28. hxg3 g4 29. Bxc6 Qxc6 30. Rxe5 Rf8 31. Qe3 Rd1+ 32. Kh2 Rf6 33. Qe2 Rd4 34. Qc2 Qe8 35. c6 Rc4 36. Qh7+ Qf7 37. Qh8 Rf5 38. Rxf5 Qxf5 39. Qg7+ Qf7 40. Qe5 Rxc6 41. Qxb5 Rd6 42. Qb7+ Kf6 43. Qb5 Rd5 44. Qe2 Qh5+ 45. Kg1 Qf5 46. f4 gxf3 47. gxf3 Qe5 0-1

[Event "Split SDZ op"]
[Site "Split"]
[Date "2012.03.17"]
[Round "1"]
[White "Buzancic, Tihomir"]
[Black "Jokic, Bozo"]
[Result "0-1"]
[WhiteElo "1732"]
[BlackElo "2037"]
[PlyCount "70"]
[EventDate "2012.03.17"]
[EventType "swiss"]
[EventRounds "9"]
[EventCountry "CRO"]
[SourceTitle "EXT 2013"]
[Source "ChessBase"]
[SourceDate "2012.11.22"]
[SourceVersion "1"]
[SourceVersionDate "2012.11.22"]
[SourceQuality "1"]

1. e4 c5 2. Nf3 Nc6 3. d4 cxd4 4. Nxd4 e6 5. Nc3 Bc5 6. Be3 Qb6 7. Na4 Qa5+ 8. c3 Bxd4 9. Bxd4 e5 10. Bc5 b5 11. Qd6 Nge7 12. b3 bxa4 13. b4 Qd8 14. b5 Na5 15. Qxe5 f6 16. Qh5+ Ng6 17. Bd3 Qc7 18. 0-0 Qe5 19. Be2 Nb7 20. Bd4 Qxh5 21. Bxh5 0-0 22. f4 d6 23. Be2 Re8 24. Bc4+ Kh8 25. Bd5 Ne7 26. Bf7 Rf8 27. Bc4 Bd7 28. Bd3 Nc5 29. Bc2 Bxb5 30. Rf3 Bc6 31. Re1 Ng6 32. Rf2 Rae8 33. e5 fxe5 34. fxe5 Rxf2 35. Kxf2 Nxe5 0-1

[Event "Solin op"]
[Site "Solin"]
[Date "2007.01.26"]
[Round "7"]
[White "Biliskov, Vjekoslav"]
[Black "Jokic, Bozo"]
[Result "0-1"]
[WhiteElo "2339"]
[BlackElo "2045"]
[PlyCount "106"]
[EventDate "2007.01.20"]
[EventType "swiss"]
[EventRounds "9"]
[EventCountry "CRO"]
[SourceTitle "CBM 116 Extra"]
[Source "ChessBase"]
[SourceDate "2007.03.07"]
[SourceVersion "1"]
[SourceVersionDate "2007.03.07"]
[SourceQuality "1"]

1. Nf3 Nf6 2. c4 e6 3. g3 c5 4. Bg2 Nc6 5. 0-0 Be7 6. d4 cxd4 7. Nxd4 d5 8. cxd5 exd5 9. Nc3 0-0 10. b3 h6 11. Bb2 Bc5 12. Na4 Bxd4 13. Bxd4 Nxd4 14. Qxd4 Re8 15. e3 Be6 16. Rac1 b6 17. Nc3 Qd7 18. Ne2 Rac8 19. Nf4 Red8 20. a4 Qd6 21. h3 Rc7 22. Rxc7 Qxc7 23. Rd1 Rd7 24. Rd3 Qc1+ 25. Kh2 Qc2 26. f3 Rc7 27. g4 Rc5 28. h4 Qf2 29. Nh3 Qxh4 30. Rd2 Rc1 31. Rd1 Rxd1 32. Qxd1 h5 33. gxh5 Nxh5 34. Qf1 Qg3+ 35. Kh1 Qxh3+ 36. Bxh3 Ng3+ 37. Kh2 Nxf1+ 38. Bxf1 d4 39. exd4 Bxb3 40. Bb5 Kf8 41. Kg3 Ke7 42. Kf4 Kd6 43. Be8 Bd5 44. Ke3 Bc6 45. Bxf7 Bxa4 46. Kf4 Bc2 47. Kg5 b5 48. Kf4 b4 49. Ke3 a5 50. Kd2 Bf5 51. d5 a4 52. Kc1 a3 53. Bg8 b3 0-1

[Event "Omis op"]
[Site "Omis"]
[Date "2006.10.07"]
[Round "6"]
[White "Saric, Branko"]
[Black "Jokic, Bozo"]
[Result "1-0"]
[WhiteElo "1930"]
[BlackElo "2013"]
[PlyCount "81"]
[EventDate "2006.10.04"]
[EventType "swiss"]
[EventRounds "7"]
[EventCountry "CRO"]
[SourceTitle "CBM 114 Extra"]
[Source "ChessBase"]
[SourceDate "2006.11.03"]
[SourceVersion "1"]
[SourceVersionDate "2006.11.03"]
[SourceQuality "1"]

1. d4 Nf6 2. c4 g6 3. Nc3 Bg7 4. e4 d6 5. Bd3 0-0 6. Nge2 e5 7. 0-0 exd4 8. Nxd4 Ng4 9. Nf3 Nc6 10. Bg5 Qd7 11. Rb1 h6 12. Bh4 Bxc3 13. bxc3 Qe6 14. Nd4 Qe8 15. Re1 Nge5 16. Bf1 Na5 17. Nb5 Qc6 18. Nd4 Qd7 19. f4 Nexc4 20. f5 Ne5 21. Re3 Kh7 22. Bf6 Rg8 23. Rh3 gxf5 24. exf5 Ng4 25. Qd2 Nc6 26. Be2 Nce5 27. Bxe5 dxe5 28. Bxg4 Qd6 29. f6 Qxf6 30. Bxc8 Raxc8 31. Rf1 Qb6 32. Rxf7+ Rg7 33. Qd3+ Kg8 34. Rxg7+ Kxg7 35. Rg3+ Kh8 36. Rg6 Qc5 37. Rxh6+ Kg7 38. Qg6+ Kf8 39. Qf6+ Ke8 40. Rh8+ Kd7 41. Qe6# 1-0

[Event "Omis op"]
[Site "Omis"]
[Date "2006.10.06"]
[Round "4"]
[White "Boskovic, Ante"]
[Black "Jokic, Bozo"]
[Result "0-1"]
[WhiteElo "1928"]
[BlackElo "2013"]
[PlyCount "62"]
[EventDate "2006.10.04"]
[EventType "swiss"]
[EventRounds "7"]
[EventCountry "CRO"]
[SourceTitle "CBM 114 Extra"]
[Source "ChessBase"]
[SourceDate "2006.11.03"]
[SourceVersion "1"]
[SourceVersionDate "2006.11.03"]
[SourceQuality "1"]

1. Nf3 Nf6 2. g3 b6 3. Bg2 Bb7 4. 0-0 Nc6 5. d4 e6 6. c4 d5 7. b3 Bd6 8. a3 Ne4 9. Bb2 h5 10. Nbd2 h4 11. Nxe4 dxe4 12. Ne5 hxg3 13. hxg3 Qg5 14. Bxe4 Qh6 15. Re1 Nxe5 16. Bxb7 Qh2+ 17. Kf1 Ng4 18. Bg2 Bxg3 19. e3 Nxf2 20. Qf3 Rd8 21. a4 Rh5 22. Ba3 f6 23. Ke2 Rf5 24. Qc6+ Kf7 25. Rh1 Nxh1 26. Rxh1 Rf2+ 27. Kd3 Qxg2 28. Qxg2 Rxg2 29. Ke4 f5+ 30. Kf3 Ra2 31. Bb4 Bh2 0-1

[Event "Omis op"]
[Site "Omis"]
[Date "2006.10.05"]
[Round "2"]
[White "Simunic, Neno"]
[Black "Jokic, Bozo"]
[Result "0-1"]
[WhiteElo "1716"]
[BlackElo "2013"]
[PlyCount "98"]
[EventDate "2006.10.04"]
[EventType "swiss"]
[EventRounds "7"]
[EventCountry "CRO"]
[SourceTitle "CBM 114 Extra"]
[Source "ChessBase"]
[SourceDate "2006.11.03"]
[SourceVersion "1"]
[SourceVersionDate "2006.11.03"]
[SourceQuality "1"]

1. e4 c5 2. Nf3 Nc6 3. c3 d6 4. Bb5 Qb6 5. Na3 Bd7 6. 0-0 Nf6 7. d3 a6 8. Ba4 Qc7 9. Bg5 b5 10. Bb3 Bg4 11. Bxf6 gxf6 12. h3 Bh5 13. g4 Bg6 14. Nc2 h5 15. Ne3 hxg4 16. Nxg4 Rxh3 17. Kg2 Rh8 18. a4 Qd7 19. Nfh2 Rb8 20. axb5 axb5 21. Bd5 Ne5 22. f4 Nxg4 23. Nxg4 Bh5 24. f5 Rg8 25. Rf4 Bh6 26. Qh1 Bxf4 27. Qxh5 Rf8 28. Rh1 Qa7 29. Bxf7+ Kd8 30. Qg6 Kc7 31. Rh7 Rh8 32. Rg7 Qa1 33. Nf2 Rh2+ 34. Kf3 Qf1 35. Qg1 Qxg1 36. Rxg1 Bg5 37. Ra1 Bh4 38. Ng4 Rxb2 39. Ra7+ Rb7 40. Ra8 Rd2 41. Bd5 Rxd3+ 42. Ke2 Rxd5 43. exd5 b4 44. c4 b3 45. Ra1 Rb4 46. Kd3 b2 47. Rb1 Rb3+ 48. Kd2 Rg3 49. Nh6 Bg5+ 0-1

[Event "Omis op"]
[Site "Omis"]
[Date "2006.10.04"]
[Round "1"]
[White "Jokic, Bozo"]
[Black "Jurkovic, Ante"]
[Result "0-1"]
[WhiteElo "2013"]
[BlackElo "2340"]
[PlyCount "72"]
[EventDate "2006.10.04"]
[EventType "swiss"]
[EventRounds "7"]
[EventCountry "CRO"]
[SourceTitle "CBM 114 Extra"]
[Source "ChessBase"]
[SourceDate "2006.11.03"]
[SourceVersion "1"]
[SourceVersionDate "2006.11.03"]
[SourceQuality "1"]

1. e4 d6 2. d4 Nf6 3. Nc3 Nbd7 4. Nf3 e5 5. d5 Be7 6. h3 c6 7. Be3 Qa5 8. dxc6 bxc6 9. Bd2 Qc7 10. Bc4 Rb8 11. Bb3 Nc5 12. Ng5 0-0 13. Be3 Ba6 14. Qd2 Nfd7 15. 0-0-0 Nb6 16. Bxc5 dxc5 17. h4 c4 18. Ba4 Bb4 19. Bb3 cxb3 20. axb3 Qe7 21. Qe3 f6 22. Nh3 Rfd8 23. g4 Qc5 24. Qxc5 Bxc5 25. g5 Kf7 26. Rhg1 Rd4 27. Rg3 Rxd1+ 28. Nxd1 Rd8 29. c4 Bc8 30. Ng1 h5 31. g6+ Ke7 32. Ne3 Rd4 33. Nc2 Rxe4 34. f3 Rxh4 35. Ne2 Rh2 36. Nc3 h4 0-1

[Event "Omis op"]
[Site "Omis"]
[Date "2005.10.12"]
[Round "4"]
[White "Jokic, Bozo"]
[Black "Krnic, Ivan"]
[Result "1/2-1/2"]
[WhiteElo "2031"]
[BlackElo "2156"]
[PlyCount "136"]
[EventDate "2005.10.10"]
[EventType "swiss"]
[EventRounds "9"]
[EventCountry "CRO"]
[SourceTitle "CBM 108 Extra"]
[Source "ChessBase"]
[SourceDate "2005.11.04"]
[SourceVersion "1"]
[SourceVersionDate "2005.11.04"]
[SourceQuality "1"]

1. e4 c5 2. Nf3 e6 3. d4 cxd4 4. Nxd4 a6 5. Nc3 b5 6. a3 Bb7 7. Bd3 Qb6 8. Nf3 Qc7 9. Qe2 d6 10. 0-0 Nd7 11. Be3 Ngf6 12. Rad1 Be7 13. Bd4 e5 14. Be3 0-0 15. Nh4 Nc5 16. Bxc5 dxc5 17. b3 c4 18. bxc4 bxc4 19. Bxc4 Nxe4 20. Nxe4 Bxh4 21. Qg4 Bxe4 22. Qxe4 Bf6 23. Rd3 Qa5 24. Rf3 Qd8 25. Re1 g6 26. Qc6 Bg7 27. h4 Rc8 28. Qxa6 Ra8 29. Qb7 Bf6 30. h5 Kg7 31. Qc6 Rc8 32. Qa6 gxh5 33. Ree3 Qe7 34. Rxf6 Rxc4 35. Qxc4 Qxf6 36. Qb5 Rc8 37. Rxe5 Rxc2 38. Rg5+ Kh6 39. Rxh5+ Kg7 40. Rg5+ Kh6 41. Rh5+ Kg7 42. Qg5+ Qxg5 43. Rxg5+ Kf6 44. Ra5 Ra2 45. g3 Kg6 46. g4 h6 47. Kg2 f6 48. Kg3 Ra1 49. a4 Rg1+ 50. Kf4 Rf1 51. f3 Rb1 52. Ra8 Rb3 53. a5 Ra3 54. a6 Ra4+ 55. Ke3 Kg5 56. a7 Kh4 57. Kd3 Kg3 58. Rf8 Rxa7 59. Rxf6 Ra3+ 60. Ke4 Ra4+ 61. Ke5 Ra5+ 62. Kd4 Ra4+ 63. Kd5 Ra5+ 64. Kc4 Ra4+ 65. Kb5 Rf4 66. Rxh6 Rxf3 67. Rg6 Rf4 68. g5 Rf5+ 1/2-1/2